Espagnol - cuerpo humano (difficile) - Statistiques

Statistiques générales
  • Ce quiz a été pris 8 fois
  • Le résultat moyen est 6 sur 92
Statistiques - réponses
FR ESP % Correct
les dents Los dientes
75%
Les cheveu el pelo
63%
le dos la espalda
38%
les lèvres Los labios
38%
Pelirrojo Roux
38%
Bossu Ciego
25%
l’iris El iris
25%
Un cheveu un cabello
25%
l'abdomen El abdomen
13%
l’intestin El intestino
13%
la pointe du menton El mentón
13%
le palais El paladar
13%
le pancréas El páncreas
13%
Le ventre el vientre
13%
Le menton La barbilla
13%
la gorge la garganta
13%
la mâchoire La mandíbula
13%
Les jambes La piernas
13%
Le genou La rodilla
13%
les gencives Las encías
13%
les narines Las fosas nasales
13%
les joues Las mejillas
13%
les cils Las pestañas
13%
les racines Las raíces
13%
Les ongles Las uñas
13%
Los riñones les reins
13%
Frisé Rizado
13%
ridé Arrugado
0%
Rides Arrugas
0%
Louche Bizco
0%
blanc/gris cano
0%
grisonnant Canoso
0%
châtain Castaño
0%
Aveugle Cojo
0%
décoiffé Despeinado
0%
Le souffle el aliento
0%
l’avant-bras El antebrazo
0%
L'annulaire El anular
0%
la voûte plantaire El arco del pie
0%
L'allure El continiente
0%
le cuir chevelu El cuero cabelludo
0%
le teint El cutis
0%
le majeur El dedo medio
0%
le dos de la main El dorso de la mano
0%
le sternum El esternón
0%
l’index El índice
0%
L'auriculaire El meñique
0%
le nombril El ombligo
0%
le pouce El pulgar
0%
Le talon El talon
0%
La cheville El tobillo
0%
Nain Erano
0%
faible flojo
0%
Boiteux Jorobado
0%
Raide Lacio
0%
la colonne vertébrale La columna vertebral
0%
le tibia La espinilla
0%
L'aine La ingle
0%
le poignet La muñeca
0%
la nuque La nuca
0%
la paume La palma
0%
le mollet La pantorrilla
0%
la plante La planta del pie
0%
la pupille La pupila
0%
les hanches Las caderas
0%
les sourcils Las cejas
0%
les côtes Las costillas
0%
les cuticules Las cutículas
0%
Les fesses Las nalgas
0%
les pointes Las puntas
0%
les tempes Las sienes
0%
Les veines Las venas
0%
les vertèbres Las vértebras
0%
la vessie La vejiga
0%
les lombaires La zona lumbar
0%
El hígado le foie
0%
lisse liso
0%
les orteils Los dedos del pie
0%
les ligaments Los ligamentos
0%
les omoplates Los omóplatos
0%
les paupières Los párpados
0%
les pommettes Los pómulos
0%
les poumons Los pulmones
0%
les tendons Los tendones
0%
Ondulé Ondulado
0%
Pâle Pálido
0%
Clairsemé Ralo
0%
rosé Sonrosado
0%
Sourd-muet Sordomodo
0%
avoir des cernes Tener ojeras
0%
Une mèche un mechón
0%
un sourire Un sonrisa
0%
Aucun quiz correspondant
Distribution des résultats
% des personnes avec chaque résultat
Percentile par nombre de réponses
Votre historique - résultats
Vous n’avez pas pris ce quiz